| 000 | 00490nam a2200157Ia 4500 | ||
|---|---|---|---|
| 008 | 151213s9999 xx 000 0 und d | ||
| 020 | _a81-7596-210-0 | ||
| 100 | _aAdrian DOFF Christopher Jhones | ||
| 245 |
_aLanguage in Use, Beginner Classroom Book _cAdrian DOFF Christopher Jhones |
||
| 260 |
_aNew Delhi _bCambridge University Press _c2004 |
||
| 300 | _a5186 p. | ||
| 650 | _aEnglish Language | ||
| 650 | _aEnglish Language | ||
| 700 | _aAdrian DOFF Christopher Jhones | ||
| 999 |
_c3201 _d3201 |
||